[Event "España ch sub-16"]
[Site "Mondariz ESP"]
[Date "2005.07.11"]
[Round "1.1"]
[White "Llorente Zaro, Alfonso"]
[Black "Jimenez Capilla, Jose Alfonso"]
[Result "1-0"]
[WhiteElo "2355"]
[BlackElo "1964"]
[PlyCount "103"]
[EventDate "2005.07.11"]
[EventType "swiss"]
[EventRounds "8"]
[EventCountry "ESP"]
[Source "lmi"]
[SourceDate "2005.07.15"]

1. e4 e5 2. Nf3 Nf6 3. Nxe5 d6 4. Nf3 Nxe4 5. Nc3 Nxc3 6. dxc3 Be7 7. Be3 Be6
8. Qd2 O-O 9. Nd4 Nd7 10. Nxe6 fxe6 11. O-O-O Nf6 12. Bc4 d5 13. Qe2 Qe8 14.
Bd3 e5 15. f3 Bd6 16. g4 e4 17. fxe4 Nxe4 18. Rhe1 Qa4 19. Kb1 a6 20. c4 Rae8
21. Bxe4 Rxe4 22. b3 Qe8 23. Qd3 dxc4 24. bxc4 Qc6 25. Bd4 Rfe8 26. Rxe4 Qxe4
27. Qc3 Qe2 28. Rh1 Qxg4 29. Rg1 Qh5 30. Rxg7+ Kf8 31. Qd3 Re1+ 32. Kb2 Be5 33.
Rd7 Qg5 34. Qf3+ Qf4 35. Qxf4+ Bxf4 36. Rxh7 Rh1 37. h3 b6 38. c5 bxc5 39.
Bxc5+ Ke8 40. Rh4 Be5+ 41. c3 Kd7 42. Rh6 Bd6 43. Bxd6 cxd6 44. h4 Kc6 45. Rh8
Kb7 46. h5 Rh2+ 47. Kb3 Rh1 48. h6 Rh4 49. h7 d5 50. Kc2 Rh3 51. Kd2 Rh1 52.
Ke3 1-0

[Event "España ch sub-16"]
[Site "Mondariz ESP"]
[Date "2005.07.11"]
[Round "1.2"]
[White "Diez Maniega, Victor"]
[Black "Lariño Nieto, David"]
[Result "0-1"]
[WhiteElo "1960"]
[BlackElo "2350"]
[PlyCount "76"]
[EventDate "2005.07.11"]
[EventType "swiss"]
[EventRounds "8"]
[EventCountry "ESP"]
[Source "lmi"]
[SourceDate "2005.07.15"]

1. e4 e6 2. d4 d5 3. Nd2 Nf6 4. e5 Nfd7 5. Bd3 c5 6. c3 Nc6 7. Ngf3 cxd4 8.
cxd4 f6 9. exf6 Nxf6 10. O-O Bd6 11. Re1 O-O 12. Nb1 Qc7 13. Nc3 a6 14. a3 Kh8
15. g3 e5 16. dxe5 Nxe5 17. Nxe5 Bxe5 18. Bf1 Ng4 19. Nxd5 Qc5 20. Be3 Nxe3 21.
Nxe3 Bxb2 22. Ra2 Bxa3 23. Qb3 Bb4 24. Rc2 Qe7 25. Rb1 Bc5 26. Nd5 Qf7 27. Nf4
Qxb3 28. Rxb3 b6 29. Bg2 Ra7 30. Rbb2 a5 31. Nd5 Bd4 32. Nxb6 Bxb2 33. Nxc8 Rd7
34. Rxb2 Rd1+ 35. Bf1 Rxc8 36. Kg2 a4 37. Ba6 a3 38. Re2 Rcd8 0-1

[Event "España ch sub-16"]
[Site "Mondariz ESP"]
[Date "2005.07.11"]
[Round "1.3"]
[White "Aloma Vidal, Robert"]
[Black "Almagro Guardia, Elena"]
[Result "1-0"]
[WhiteElo "2350"]
[BlackElo "1959"]
[PlyCount "53"]
[EventDate "2005.07.11"]
[EventType "swiss"]
[EventRounds "8"]
[EventCountry "ESP"]
[Source "lmi"]
[SourceDate "2005.07.15"]

1. d4 d5 2. c4 e6 3. Nc3 Nf6 4. cxd5 exd5 5. Bg5 Be7 6. e3 c6 7. Qc2 Nbd7 8.
Bd3 O-O 9. Nge2 Re8 10. f3 Nf8 11. O-O Ng6 12. e4 dxe4 13. fxe4 Ng4 14. Bxe7
Qxe7 15. Qd2 Be6 16. e5 Qd7 17. Ne4 b6 18. Nd6 Red8 19. Nf4 N4xe5 20. dxe5 Nxe5
21. Rad1 Kh8 22. Bb1 Bg4 23. Qc2 f5 24. Rd4 c5 25. Rd5 Qe7 26. Nxf5 Qf6 27. Ne7
1-0

[Event "España ch sub-16"]
[Site "Mondariz ESP"]
[Date "2005.07.11"]
[Round "1.4"]
[White "Castejon Caballero, Natalia"]
[Black "Vila Gazquez, Javier"]
[Result "0-1"]
[WhiteElo "1953"]
[BlackElo "2338"]
[PlyCount "64"]
[EventDate "2005.07.11"]
[EventType "swiss"]
[EventRounds "8"]
[EventCountry "ESP"]
[Source "lmi"]
[SourceDate "2005.07.15"]

1. e4 c5 2. c3 b6 3. d4 Bb7 4. Bd3 Nf6 5. Qe2 cxd4 6. cxd4 Nc6 7. Nf3 Nb4 8.
Bc4 Nxe4 9. a3 d5 10. Bb5+ Nc6 11. Ne5 Rc8 12. Qf3 Nd6 13. Qxd5 e6 14. Qf3 Qf6
15. Qxf6 gxf6 16. Bxc6+ Bxc6 17. Nxc6 Rxc6 18. Nc3 Rc4 19. Be3 Nf5 20. Rd1 Bxa3
21. Ne4 Bxb2 22. Nxf6+ Ke7 23. Ne4 Nxe3 24. fxe3 a5 25. O-O Rhc8 26. Ng5 f6 27.
Ne4 f5 28. Nf2 a4 29. Nd3 a3 30. Rd2 Rc2 31. Rff2 Rxd2 32. Rxd2 a2 0-1

[Event "España ch sub-16"]
[Site "Mondariz ESP"]
[Date "2005.07.11"]
[Round "1.5"]
[White "Valmaña Canto, Jaime"]
[Black "Ferrol Muñiz, Miguel"]
[Result "1/2-1/2"]
[WhiteElo "2223"]
[BlackElo "1950"]
[PlyCount "142"]
[EventDate "2005.07.11"]
[EventType "swiss"]
[EventRounds "8"]
[EventCountry "ESP"]
[Source "lmi"]
[SourceDate "2005.07.15"]

1. e4 c5 2. Nf3 d6 3. d4 cxd4 4. Nxd4 Nf6 5. Nc3 a6 6. Bc4 Qc7 7. Bb3 e6 8. O-O
b5 9. Re1 Nbd7 10. Bxe6 fxe6 11. Nxe6 Qb8 12. Nd5 Bb7 13. Nec7+ Kf7 14. Nxa8
Bxd5 15. exd5 Qxa8 16. a4 Qxd5 17. Qxd5+ Nxd5 18. axb5 axb5 19. Ra5 Be7 20.
Rxb5 N5f6 21. Bf4 Rb8 22. Rxb8 Nxb8 23. Kf1 Nc6 24. c3 Nd5 25. Bg3 Nb6 26. Ke2
Ke6 27. Kd3+ Kd7 28. f3 Bf6 29. Kc2 Ne5 30. b3 Kc6 31. c4 h6 32. Bf2 Nbd7 33.
Rd1 Nb8 34. Bd4 Nbd7 35. Ra1 Nc5 36. b4 Ne6 37. Ra6+ Kc7 38. Bxe5 Bxe5 39. g3
Nd4+ 40. Kd3 Nxf3 41. Ra2 Nd4 42. Ke4 Nc6 43. b5 Nb8 44. Kd5 Nd7 45. Ra7+ Kc8
46. Ra6 Kc7 47. Rc6+ Kb7 48. Rxd6 Bxd6 49. Kxd6 Nf6 50. c5 Ne4+ 51. Kd5 Nc3+
52. Kc4 Ne4 53. Kd4 Nf6 54. Ke5 Ng4+ 55. Kd6 Nf6 56. Ke7 Ne4 57. c6+ Kc7 58.
Kf7 Nc3 59. Kxg7 Nxb5 60. Kxh6 Nd4 61. g4 Kxc6 62. h4 Kd7 63. Kg7 Ne6+ 64. Kf7
Nd8+ 65. Kg7 Ke7 66. g5 Ne6+ 67. Kg8 Nf4 68. Kg7 Ne6+ 69. Kh7 Nf4 70. Kh6 Kf7
71. Kh7 Kf8 1/2-1/2

[Event "España ch sub-16"]
[Site "Mondariz ESP"]
[Date "2005.07.11"]
[Round "1.6"]
[White "Gil Rodriguez, Isabel"]
[Black "Leiva Velasco, David"]
[Result "0-1"]
[WhiteElo "1947"]
[BlackElo "2203"]
[PlyCount "72"]
[EventDate "2005.07.11"]
[EventType "swiss"]
[EventRounds "8"]
[EventCountry "ESP"]
[Source "lmi"]
[SourceDate "2005.07.15"]

1. c4 f5 2. g3 Nf6 3. Bg2 g6 4. Nc3 Bg7 5. d3 O-O 6. e3 e5 7. Nge2 d6 8. O-O
Nc6 9. Rb1 Be6 10. Nd5 Qd7 11. b4 Nd8 12. b5 c6 13. bxc6 bxc6 14. Nxf6+ Bxf6
15. Qa4 g5 16. f4 Rc8 17. Bd2 Nf7 18. Rb3 d5 19. cxd5 Bxd5 20. Bxd5 Qxd5 21.
Bc3 gxf4 22. exf4 Nd6 23. fxe5 Bxe5 24. Nf4 Bxf4 25. Qxf4 Qe6 26. Re1 Qg6 27.
Bb4 c5 28. Bc3 Rfe8 29. Rbb1 h6 30. Be5 Nf7 31. Rb7 a6 32. Kf2 Rc6 33. Qc4 Rce6
34. Bc3 Rxe1 35. Bxe1 Qh5 36. Bc3 Re2+ 0-1

[Event "España ch sub-16"]
[Site "Mondariz ESP"]
[Date "2005.07.11"]
[Round "1.7"]
[White "Huerga Leache, Mikel"]
[Black "Blanco Villalba, Jose Francisco"]
[Result "1-0"]
[WhiteElo "2176"]
[BlackElo "1938"]
[PlyCount "79"]
[EventDate "2005.07.11"]
[EventType "swiss"]
[EventRounds "8"]
[EventCountry "ESP"]
[Source "lmi"]
[SourceDate "2005.07.15"]

1. Nf3 Nf6 2. g3 g6 3. Bg2 Bg7 4. c4 d6 5. d4 O-O 6. Nc3 Nbd7 7. O-O a6 8. b3
e6 9. Bb2 c5 10. e4 Qc7 11. Re1 Rd8 12. Qe2 Rb8 13. h3 b6 14. Rad1 Bb7 15. Rd2
h5 16. Red1 Ne8 17. Kh2 Ndf6 18. Rc2 Qe7 19. Bc1 Rbc8 20. Bg5 cxd4 21. Nxd4 Qc7
22. f4 Rd7 23. f5 exf5 24. exf5 Bxg2 25. Qxg2 Qc5 26. Na4 Qa5 27. Bd2 Qe5 28.
Bc3 h4 29. Nxb6 Rcc7 30. Nxd7 Rxd7 31. Re2 Qxg3+ 32. Qxg3 hxg3+ 33. Kxg3 Nh5+
34. Kf3 Nef6 35. Nc6 Rc7 36. Ne7+ Kh7 37. Bxf6 Nxf6 38. Nd5 Nxd5 39. Rxd5 Be5
40. c5 1-0

[Event "España ch sub-16"]
[Site "Mondariz ESP"]
[Date "2005.07.11"]
[Round "1.8"]
[White "Rodriguez Lorenzo, Yadira"]
[Black "Vallejo Diaz, Javier"]
[Result "0-1"]
[WhiteElo "1938"]
[BlackElo "2156"]
[PlyCount "70"]
[EventDate "2005.07.11"]
[EventType "swiss"]
[EventRounds "8"]
[EventCountry "ESP"]
[Source "lmi"]
[SourceDate "2005.07.15"]

1. e4 d5 2. exd5 Qxd5 3. Nc3 Qa5 4. d4 c6 5. Bc4 Nf6 6. Bd2 Bf5 7. Nf3 e6 8.
O-O Bb4 9. a3 Bxc3 10. Bxc3 Qc7 11. Bd3 Bg6 12. b4 Nbd7 13. Bb2 O-O 14. Bxg6
hxg6 15. c4 a5 16. Qc2 axb4 17. axb4 Qd6 18. Rxa8 Rxa8 19. Bc3 b5 20. c5 Qc7
21. Nd2 Nd5 22. Nb3 Ra4 23. Qd2 N7f6 24. Re1 Nxc3 25. Qxc3 Nd5 26. Qf3 Rxb4 27.
Ra1 Qb7 28. Na5 Qa6 29. Qd1 Ne7 30. Nc4 Ra4 31. Rxa4 bxa4 32. Nd6 a3 33. Qa1 a2
34. h3 Qa4 35. Ne4 Nd5 0-1

[Event "España ch sub-16"]
[Site "Mondariz ESP"]
[Date "2005.07.11"]
[Round "1.9"]
[White "Ladron De Guevara Pinto, Miguel"]
[Black "Gil Quilez, Sonia"]
[Result "1-0"]
[WhiteElo "2145"]
[BlackElo "1934"]
[PlyCount "113"]
[EventDate "2005.07.11"]
[EventType "swiss"]
[EventRounds "8"]
[EventCountry "ESP"]
[Source "lmi"]
[SourceDate "2005.07.15"]

1. e4 d5 2. exd5 Qxd5 3. Nc3 Qa5 4. d4 c6 5. Nf3 Nf6 6. Bd3 Bg4 7. h3 Bh5 8.
Bd2 e6 9. Ne4 Qd8 10. Nxf6+ gxf6 11. Bc3 Nd7 12. g4 Bg6 13. Qe2 Qc7 14. O-O-O
O-O-O 15. Kb1 Bg7 16. b3 Nb6 17. Bb2 Nd5 18. Bxg6 hxg6 19. Ne1 Qa5 20. Qf3 Qc7
21. Nd3 Rhe8 22. c4 Nb6 23. Nc5 Nd7 24. Ne4 f5 25. Ng3 Nb6 26. Rhe1 Bh6 27. h4
fxg4 28. Qxg4 Qf4 29. f3 Qxg4 30. fxg4 Bf4 31. Ne4 e5 32. dxe5 Bxe5 33. Bxe5
Rxe5 34. Kc2 Rxd1 35. Kxd1 Kc7 36. Ng5 Rxe1+ 37. Kxe1 Kd7 38. Nxf7 Ke7 39. Ng5
Nd7 40. Kf2 Kf6 41. Ke3 Nf8 42. Kf4 Nd7 43. Ne4+ Kg7 44. Kg5 Ne5 45. Nd6 b6 46.
Nc8 b5 47. cxb5 cxb5 48. Nxa7 b4 49. h5 gxh5 50. gxh5 Nf3+ 51. Kf4 Nd4 52. Ke4
Ne2 53. Kd3 Nc1+ 54. Kc2 Nxa2 55. Nb5 Kh6 56. Kb2 Nc3 57. Nxc3 1-0

[Event "España ch sub-16"]
[Site "Mondariz ESP"]
[Date "2005.07.11"]
[Round "1.10"]
[White "Garcia Blanco, Omar"]
[Black "Robles Garcia, Claudia"]
[Result "0-1"]
[WhiteElo "1927"]
[BlackElo "2144"]
[PlyCount "36"]
[EventDate "2005.07.11"]
[EventType "swiss"]
[EventRounds "8"]
[EventCountry "ESP"]
[Source "lmi"]
[SourceDate "2005.07.15"]

1. e4 d6 2. d4 Nf6 3. Nc3 g6 4. Be3 c6 5. Qd2 b5 6. f3 Nbd7 7. g4 Nb6 8. h4 h5
9. g5 Nfd7 10. f4 Bg7 11. f5 Nc4 12. Bxc4 bxc4 13. Nge2 Qa5 14. Rf1 Rb8 15. Nf4
Nf8 16. f6 exf6 17. gxf6 Bh6 18. Nxh5 Qxh5 0-1

[Event "España ch sub-16"]
[Site "Mondariz ESP"]
[Date "2005.07.11"]
[Round "1.11"]
[White "Remoli Sargues, Francisco"]
[Black "Aboy Nieto, Pablo"]
[Result "1-0"]
[WhiteElo "2139"]
[BlackElo "1909"]
[PlyCount "53"]
[EventDate "2005.07.11"]
[EventType "swiss"]
[EventRounds "8"]
[EventCountry "ESP"]
[Source "lmi"]
[SourceDate "2005.07.15"]

1. e4 e6 2. d4 d5 3. Nc3 Bb4 4. exd5 exd5 5. Bd3 Qf6 6. Nge2 Ne7 7. O-O c6 8.
Bf4 Bf5 9. Be5 Qg5 10. a3 Bxc3 11. bxc3 Bxd3 12. cxd3 f6 13. Bg3 O-O 14. Rb1 b5
15. Re1 Ng6 16. c4 a6 17. Nc3 Nd7 18. cxd5 cxd5 19. Qb3 Nb6 20. a4 Nxa4 21.
Nxd5 Rf7 22. Nc7 Rc8 23. Qe6 Rcf8 24. Qxa6 Qd2 25. Nxb5 Nc3 26. Nxc3 Qxc3 27.
Qc4 1-0

[Event "España ch sub-16"]
[Site "Mondariz ESP"]
[Date "2005.07.11"]
[Round "1.12"]
[White "Montes Vazquez, Sergio"]
[Black "Ferreiro Pailos, Alejandro"]
[Result "0-1"]
[WhiteElo "1907"]
[BlackElo "2112"]
[PlyCount "52"]
[EventDate "2005.07.11"]
[EventType "swiss"]
[EventRounds "8"]
[EventCountry "ESP"]
[Source "lmi"]
[SourceDate "2005.07.15"]

1. Nf3 c5 2. g3 d5 3. c4 d4 4. b4 cxb4 5. a3 bxa3 6. Bg2 Nc6 7. Bxa3 g6 8. d3
Bg7 9. O-O Nf6 10. Nbd2 O-O 11. Bb2 Re8 12. Ra3 e5 13. Qa1 Nd7 14. Nb3 Nb6 15.
Na5 Qc7 16. Ng5 Nd8 17. Ne4 f5 18. c5 fxe4 19. cxb6 axb6 20. Nc4 Ra6 21. Bxe4
Ne6 22. Rc1 Nc5 23. Nd2 Bh6 24. f4 exf4 25. Bxd4 fxg3 26. Bd5+ Be6 0-1

[Event "España ch sub-16"]
[Site "Mondariz ESP"]
[Date "2005.07.11"]
[Round "1.13"]
[White "Fernandez Losada, Daniel"]
[Black "Porras Dalmau, Daniel"]
[Result "1-0"]
[WhiteElo "2108"]
[BlackElo "1906"]
[PlyCount "47"]
[EventDate "2005.07.11"]
[EventType "swiss"]
[EventRounds "8"]
[EventCountry "ESP"]
[Source "lmi"]
[SourceDate "2005.07.15"]

1. e4 e6 2. d4 d5 3. Nc3 Nf6 4. e5 Nfd7 5. Qh5 c5 6. Nf3 cxd4 7. Nxd4 g6 8. Qg4
Nc6 9. Bb5 Qc7 10. O-O Nxd4 11. Qxd4 a6 12. Bxd7+ Bxd7 13. Nxd5 exd5 14. e6 Rg8
15. exd7+ Qxd7 16. Bg5 Qc6 17. Rfe1+ Kd7 18. c4 Bc5 19. Qf4 f6 20. cxd5 Qb6 21.
Re6 Qxb2 22. Bxf6 Raf8 23. Rc1 b6 24. Re7+ 1-0

[Event "España ch sub-16"]
[Site "Mondariz ESP"]
[Date "2005.07.11"]
[Round "1.14"]
[White "Quiros Cueto, Pelayo"]
[Black "Del Moral De La Bastida, Ramon"]
[Result "1/2-1/2"]
[WhiteElo "1906"]
[BlackElo "2095"]
[PlyCount "117"]
[EventDate "2005.07.11"]
[EventType "swiss"]
[EventRounds "8"]
[EventCountry "ESP"]
[Source "lmi"]
[SourceDate "2005.07.15"]

1. e4 e6 2. d4 d5 3. Nc3 Nf6 4. e5 Nfd7 5. Nf3 c5 6. dxc5 Bxc5 7. Bd3 Nc6 8.
Bf4 a6 9. O-O Qc7 10. Qe2 Nf8 11. Rad1 Ng6 12. Bg3 O-O 13. h4 Rd8 14. h5 Nf8
15. h6 g6 16. Bh4 Re8 17. Bf6 Nd7 18. Bg7 Be7 19. Rfe1 Nc5 20. a3 b5 21. b4
Nxd3 22. Qxd3 Bd7 23. Ne2 Rec8 24. Ned4 Nxd4 25. Nxd4 Qc3 26. Re3 Qxd3 27.
Rexd3 a5 28. c3 axb4 29. axb4 Ra3 30. Ne2 Bf8 31. Bxf8 Kxf8 32. Rf3 Ke7 33.
Rdd3 Ra1+ 34. Kh2 Re1 35. Rde3 Ra8 36. Nd4 Rb1 37. Rf6 Raa1 38. Ref3 Rh1+ 39.
Kg3 Be8 40. Nc6+ Kd7 41. Na7 Kd8 42. Nxb5 Bxb5 43. Rxf7 Rxh6 44. Rf8+ Kc7 45.
R3f7+ Bd7 46. Re8 Kc6 47. b5+ Kxb5 48. Rxd7 Ra6 49. Rde7 g5 50. Rc7 Rc6 51.
Rxc6 Kxc6 52. Rg8 Kc5 53. Rc8+ Kb5 54. Rc7 Rh4 55. Re7 Rh6 56. Rc7 Rg6 57. Rxh7
Kc4 58. Rc7+ Kd3 59. f3 1/2-1/2

[Event "España ch sub-16"]
[Site "Mondariz ESP"]
[Date "2005.07.12"]
[Round "2.1"]
[White "Mayo Casademont, Marti"]
[Black "Llorente Zaro, Alfonso"]
[Result "1-0"]
[WhiteElo "2041"]
[BlackElo "2355"]
[PlyCount "159"]
[EventDate "2005.07.11"]
[EventType "swiss"]
[EventRounds "8"]
[EventCountry "ESP"]
[Source "lmi"]
[SourceDate "2005.07.15"]

1. d4 d6 2. c4 e5 3. dxe5 dxe5 4. Qxd8+ Kxd8 5. Nc3 c6 6. e4 f6 7. Be3 Be6 8.
O-O-O+ Nd7 9. b3 Kc7 10. Nf3 Ne7 11. Ne1 Nc8 12. Nd3 b6 13. Be2 Nd6 14. f3 Nb7
15. Na4 a6 16. Kb1 b5 17. cxb5 axb5 18. Nab2 Be7 19. Rd2 Rhc8 20. Rc1 Kd8 21.
Nc5 Nbxc5 22. Bxc5 Bxc5 23. Rxc5 Ke7 24. Rc1 Rab8 25. Nd1 Nf8 26. Ne3 g6 27.
Nc2 Bd7 28. Nb4 Ne6 29. Na6 Rb6 30. Nc5 Nd4 31. Bd1 h5 32. Kb2 Be6 33. f4 Rbb8
34. fxe5 fxe5 35. Nd3 Kd6 36. Rc5 Bc4 37. Rxe5 Bxd3 38. Rg5 Ne6 39. Rxd3+ Kc7
40. Rxg6 Nf4 41. Rg7+ Kb6 42. Rdd7 Rg8 43. Rxg8 Rxg8 44. g3 Ne6 45. Bxh5 Rh8
46. g4 Nf4 47. Rd2 Nxh5 48. gxh5 Rxh5 49. Re2 Kc7 50. e5 Kd7 51. e6+ Ke7 52.
Kc3 Rh4 53. a3 Rg4 54. Re3 Rf4 55. h3 Rh4 56. b4 Rc4+ 57. Kb3 Rh4 58. Rc3 Kd6
59. Re3 Ke7 60. Rc3 Kd6 61. a4 bxa4+ 62. Kxa4 Re4 63. Ka5 Kc7 64. b5 Rxe6 65.
h4 Re5 66. Rxc6+ Kb7 67. Rh6 Re7 68. h5 Re1 69. Rh7+ Kb8 70. h6 Rg1 71. Ka6 Rh1
72. Kb6 Kc8 73. Rh8+ Kd7 74. Kb7 Rh5 75. b6 Rh3 76. Kb8 Rb3 77. b7 Kc6 78. Rc8+
Kb6 79. h7 Ka6 80. Rc6+ 1-0

[Event "España ch sub-16"]
[Site "Mondariz ESP"]
[Date "2005.07.12"]
[Round "2.2"]
[White "Lariño Nieto, David"]
[Black "Gimenez Martinez, Alberto"]
[Result "1-0"]
[WhiteElo "2350"]
[BlackElo "2025"]
[PlyCount "59"]
[EventDate "2005.07.11"]
[EventType "swiss"]
[EventRounds "8"]
[EventCountry "ESP"]
[Source "lmi"]
[SourceDate "2005.07.15"]

1. e4 Nf6 2. Nc3 e5 3. Nf3 Nc6 4. g3 Bc5 5. Bg2 d6 6. d3 O-O 7. O-O a6 8. Be3
Nd4 9. Bxd4 exd4 10. Ne2 Bg4 11. h3 Bxf3 12. Bxf3 d5 13. Nf4 dxe4 14. dxe4 Rb8
15. e5 Nd7 16. Re1 Re8 17. e6 Nf6 18. c3 fxe6 19. Nxe6 Qd6 20. cxd4 Bb4 21. Qb3
Kh8 22. Ng5 Rxe1+ 23. Rxe1 Rf8 24. Re2 Qxd4 25. a3 Ba5 26. Nf7+ Kg8 27. Nh6+
Kh8 28. Re8 Qc5 29. Nf7+ Kg8 30. Nd6+ 1-0

[Event "España ch sub-16"]
[Site "Mondariz ESP"]
[Date "2005.07.12"]
[Round "2.3"]
[White "Hernandez Funes, Ruben"]
[Black "Aloma Vidal, Robert"]
[Result "0-1"]
[WhiteElo "2019"]
[BlackElo "2350"]
[PlyCount "86"]
[EventDate "2005.07.11"]
[EventType "swiss"]
[EventRounds "8"]
[EventCountry "ESP"]
[Source "lmi"]
[SourceDate "2005.07.15"]

1. c4 Nf6 2. Nc3 e5 3. g3 Nc6 4. Bg2 Bc5 5. e3 d6 6. a3 O-O 7. b4 Bb6 8. Nge2
Ne7 9. d4 c6 10. O-O Bg4 11. dxe5 dxe5 12. h3 Be6 13. c5 Bc7 14. Qa4 Qc8 15.
Kh2 Bc4 16. Qc2 a5 17. Bb2 Qe6 18. Rfe1 h5 19. e4 Rad8 20. Qc1 Nh7 21. Nd1 Bb3
22. Qc3 a4 23. Ne3 Qf6 24. Rf1 Rd7 25. Nc1 Be6 26. Qc2 Rfd8 27. Bc3 h4 28. Qxa4
Qg5 29. Re1 Nf6 30. Re2 Qh6 31. Qc2 hxg3+ 32. fxg3 g5 33. Nf1 Bxh3 34. Bxh3 g4
35. Kg1 gxh3 36. Nb3 Qg6 37. Rae1 Ng4 38. Nh2 Rd3 39. Nf1 Qf6 40. Nbd2 Ng6 41.
a4 Kg7 42. b5 h2+ 43. Nxh2 Rxg3+ 0-1

[Event "España ch sub-16"]
[Site "Mondariz ESP"]
[Date "2005.07.12"]
[Round "2.4"]
[White "Vila Gazquez, Javier"]
[Black "Riera Morilla, Elizabeth"]
[Result "1-0"]
[WhiteElo "2338"]
[BlackElo "2018"]
[PlyCount "33"]
[EventDate "2005.07.11"]
[EventType "swiss"]
[EventRounds "8"]
[EventCountry "ESP"]
[Source "lmi"]
[SourceDate "2005.07.15"]

1. e4 c5 2. Nf3 g6 3. d4 cxd4 4. Qxd4 Nf6 5. e5 Nc6 6. Qa4 Nd5 7. Qe4 Nb6 8.
Bf4 Bg7 9. Nc3 O-O 10. O-O-O a5 11. h4 h5 12. Bb5 a4 13. Nxa4 Nxa4 14. Bxa4 Qa5
15. Bb3 Nb4 16. a3 Nc6 17. Qxg6 1-0

[Event "España ch sub-16"]
[Site "Mondariz ESP"]
[Date "2005.07.12"]
[Round "2.5"]
[White "Leiva Velasco, David"]
[Black "Mestre Bellido, Hector"]
[Result "1/2-1/2"]
[WhiteElo "2203"]
[BlackElo "2013"]
[PlyCount "76"]
[EventDate "2005.07.11"]
[EventType "swiss"]
[EventRounds "8"]
[EventCountry "ESP"]
[Source "lmi"]
[SourceDate "2005.07.15"]

1. d3 d5 2. f4 c5 3. Nf3 Nf6 4. g3 e6 5. Bg2 b6 6. O-O Bb7 7. Qe1 Nbd7 8. e4
dxe4 9. Ng5 Qc7 10. dxe4 h6 11. Nh3 Be7 12. Nc3 a6 13. a4 O-O 14. Qe2 Rad8 15.
g4 Nh7 16. g5 hxg5 17. fxg5 Bd6 18. Bf4 Bxf4 19. Rxf4 Nxg5 20. Rh4 Nxh3+ 21.
Bxh3 Qe5 22. Kh1 g6 23. Qe3 Qg7 24. Rg1 Rfe8 25. Qg3 Qe5 26. Qe3 Nf8 27. Rg5
Qg7 28. a5 Qd4 29. Qf3 b5 30. Ne2 Qd1+ 31. Rg1 Qxc2 32. Nc3 Rd2 33. Bf1 Nd7 34.
Rh7 Ne5 35. Qh3 Bxe4+ 36. Nxe4 Qxe4+ 37. Bg2 Rxg2 38. Rxg2 Qe1+ 1/2-1/2

[Event "España ch sub-16"]
[Site "Mondariz ESP"]
[Date "2005.07.12"]
[Round "2.6"]
[White "Torres Tellez, Jonathan"]
[Black "Huerga Leache, Mikel"]
[Result "0-1"]
[WhiteElo "2017"]
[BlackElo "2176"]
[PlyCount "62"]
[EventDate "2005.07.11"]
[EventType "swiss"]
[EventRounds "8"]
[EventCountry "ESP"]
[Source "lmi"]
[SourceDate "2005.07.15"]

1. e4 c5 2. Nf3 Nc6 3. d4 cxd4 4. Nxd4 Nf6 5. Nc3 e5 6. Ndb5 d6 7. Bg5 a6 8.
Na3 b5 9. Nd5 Be7 10. Bxf6 Bxf6 11. c3 Ne7 12. Nxf6+ gxf6 13. Qd2 Bb7 14. Rd1
d5 15. Qh6 Qb6 16. exd5 Bxd5 17. Nc2 O-O-O 18. Nb4 Be4 19. Qh3+ Kb8 20. Bd3 a5
21. Nc2 Qc6 22. Bxe4 Qxe4+ 23. Ne3 Rxd1+ 24. Kxd1 Qb1+ 25. Ke2 Qxb2+ 26. Kf3 f5
27. Qh4 e4+ 28. Kg3 Rg8+ 29. Kh3 Ng6 30. Qf6 Nf4+ 31. Kh4 Nxg2+ 0-1

[Event "España ch sub-16"]
[Site "Mondariz ESP"]
[Date "2005.07.12"]
[Round "2.7"]
[White "Vallejo Diaz, Javier"]
[Black "Ramirez Rus, Esteban"]
[Result "1-0"]
[WhiteElo "2156"]
[BlackElo "2011"]
[PlyCount "53"]
[EventDate "2005.07.11"]
[EventType "swiss"]
[EventRounds "8"]
[EventCountry "ESP"]
[Source "lmi"]
[SourceDate "2005.07.15"]

1. e4 e5 2. f4 exf4 3. Nf3 Nf6 4. Nc3 d5 5. exd5 Nxd5 6. Nxd5 Qxd5 7. d4 Bd6 8.
Bd3 O-O 9. O-O Bg4 10. c3 c5 11. Qc2 f5 12. b3 Qc6 13. Ng5 Kh8 14. h3 Be7 15.
Nxh7 Kxh7 16. hxg4 cxd4 17. Bxf4 dxc3 18. Rf3 Bf6 19. Rh3+ Kg6 20. gxf5+ Kf7
21. Bc4+ Ke7 22. Re1+ Kd8 23. Rd3+ Nd7 24. Be6 Kc8 25. Bxd7+ Qxd7 26. Rxd7 Kxd7
27. Qd3+ 1-0

[Event "España ch sub-16"]
[Site "Mondariz ESP"]
[Date "2005.07.12"]
[Round "2.8"]
[White "Romero Lopez, Marta"]
[Black "Ladron De Guevara Pinto, Miguel"]
[Result "1/2-1/2"]
[WhiteElo "2013"]
[BlackElo "2145"]
[PlyCount "137"]
[EventDate "2005.07.11"]
[EventType "swiss"]
[EventRounds "8"]
[EventCountry "ESP"]
[Source "lmi"]
[SourceDate "2005.07.15"]

1. d4 Nf6 2. Bg5 e6 3. e4 Be7 4. Bd3 c5 5. e5 Nd5 6. Bxe7 Qxe7 7. Be4 cxd4 8.
Bxd5 exd5 9. Qxd4 Nc6 10. Qxd5 Qb4+ 11. Nd2 Qxb2 12. Rb1 Qxe5+ 13. Qxe5+ Nxe5
14. Ne2 O-O 15. O-O b6 16. Ne4 Ba6 17. Rfe1 Bxe2 18. Rxe2 Nc4 19. Rd1 Rfd8 20.
Rd4 Rac8 21. g3 Rc6 22. Ng5 g6 23. Re7 Nd6 24. Rf4 Nf5 25. Re2 h6 26. Ne4 Rdc8
27. c3 d5 28. g4 dxe4 29. gxf5 gxf5 30. Rxf5 Rg6+ 31. Kf1 Rxc3 32. Rd2 Rc7 33.
Re5 Re6 34. Rd8+ Kg7 35. Rxe6 fxe6 36. Re8 Kf6 37. Rh8 Rc1+ 38. Kg2 Ra1 39.
Rxh6+ Ke5 40. Rh5+ Kd4 41. Rh6 Kd5 42. Rh5+ e5 43. Rh8 Rxa2 44. Kg3 Ra3+ 45.
Kg4 Rf3 46. Rd8+ Kc4 47. Rd2 a5 48. h4 Kc3 49. Ra2 Kb3 50. Re2 Rf4+ 51. Kg5 a4
52. h5 a3 53. Re3+ Kb2 54. Re2+ Kc3 55. h6 b5 56. h7 Rf8 57. Re3+ Kb2 58. Re2+
Kc1 59. Re1+ Kd2 60. Rb1 Rh8 61. Kg6 Ke2 62. Rxb5 Kxf2 63. Rxe5 e3 64. Rf5+ Kg2
65. Rg5+ Kf1 66. Rf5+ Kg1 67. Rg5+ Kf2 68. Rf5+ Ke1 69. Ra5 1/2-1/2

[Event "España ch sub-16"]
[Site "Mondariz ESP"]
[Date "2005.07.12"]
[Round "2.9"]
[White "Robles Garcia, Claudia"]
[Black "Castellano Egea, Einar"]
[Result "1-0"]
[WhiteElo "2144"]
[BlackElo "2010"]
[PlyCount "61"]
[EventDate "2005.07.11"]
[EventType "swiss"]
[EventRounds "8"]
[EventCountry "ESP"]
[Source "lmi"]
[SourceDate "2005.07.15"]

1. e4 e6 2. Nf3 d5 3. Nc3 Nf6 4. e5 Nfd7 5. d4 c5 6. dxc5 Nc6 7. Bf4 Bxc5 8.
Bd3 f6 9. exf6 Qxf6 10. Bg5 Qf7 11. O-O O-O 12. Bh4 h6 13. Qe2 a6 14. Kh1 Kh8
15. Rad1 Nd4 16. Nxd4 Bxd4 17. f4 Bxc3 18. bxc3 Nc5 19. Bf2 Nxd3 20. cxd3 Qc7
21. Bd4 Qf7 22. Rf3 Bd7 23. Rdf1 Kh7 24. Qe5 Rac8 25. Rg3 Rg8 26. Rff3 b5 27.
Rg4 a5 28. Rfg3 g6 29. Rh3 h5 30. Rg5 Rg7 31. Rhxh5+ 1-0